000 01626cam a2200349 i 4500
001 200467584
003 TR-AnTOB
005 20260319113027.0
007 ta
008 260306s2025 tu 000 0 tur d
020 _a9786255968913
040 _aTR-AnTOB
_beng
_erda
_cTR-AnTOB
041 0 _atur
050 0 0 _aKKX2070
_b.G695td 2025
090 _aKKX2070
_b.G695td 2025
100 1 _aGözler, Kemal,
_d1966-
_eauthor
_961132
245 1 0 _aTürk anayasa hukuku dersleri /
_cKemal Gözler.
250 _aGüncellenmiş ve düzeltilmiş 30. baskı
264 1 _aBursa :
_bEkin basım yayın dağıtım,
_c2025.
300 _axvi, 512 pages :
_btables, photos, illustrations ;
_c24 cm.
336 _atext
_btxt
_2rdacontent
337 _aunmediated
_bn
_2rdamedia
338 _avolume
_bnc
_2rdacarrier
504 _aBIBINDX
505 _aTürk anayasa hukukunun bilgi kaynakları - Osmanlı anayasal gelişmeleri - Cumhuriyet dönemi anayasal gelişmeleri - Temel ilkeler - Temel hak ve hürriyetler - Siyasi partiler - TBMM üyelerinin seçimi - TBMM üyelerinin hukukî statüsü - TBMM'nin içyapısı ve çalışma düzeni - Yasama fonksiyonu - TBMM'nin görev ve yetkileri - Yürütme - Cumhurbaşkanı - Bakanlar kurulu - Yürütme organının düzenleyici işlemleri - Olağanüstü yönetim usûlleri - Yargı - Anayasa yargısı - Anayasanın değiştirilmesi.
650 0 _938306
_aConstitutions
_zTurkey
650 0 _aAnayasalar
_zTürkiye
_2etuturkob
_938301
650 0 _aConstitutional law
_zTurkey
_974257
650 0 _aAnayasa hukuku
_zTürkiye
_9116005
942 _2lcc
_cBK
999 _c200467584
_d85796